Get the Picture: Universal or Warner Bros. Quiz Stats

 Plays Quiz Updated Oct 25, 2019

Score 0/14 Timer 02:30
4 Plays Today
Question Answer Wrong Answers
Looney Tunes Warner Bros.
85.2%
Universal
7.5%
Batman Warner Bros.
75.1%
Universal
17%
Jurassic Park Universal
72.7%
Warner Bros.
19.3%
Jaws Universal
70.5%
Warner Bros.
22%
DC Comics Warner Bros.
69.8%
Universal
22.9%
The Fast and the Furious Universal
68.3%
Warner Bros.
23.7%
Jason Bourne Universal
67.1%
Warner Bros.
25.2%
The Mummy Universal
64.6%
Warner Bros.
27.7%
LEGO Warner Bros.
64.5%
Universal
27.9%
Back to the Future Universal
64%
Warner Bros.
28.4%
Harry Potter Warner Bros.
61.9%
Universal
30.8%
Despicable Me Universal
59.1%
Warner Bros.
33.9%
The Matrix Warner Bros.
48.7%
Universal
43.9%
Ocean's 11 Warner Bros.
43.5%
Universal
48.9%

Today's Daily Dose

Word Ladder
Lean on Me

Get the Picture
Superhero by Villain

You're not logged in!

Compare scores with friends on all Sporcle quizzes.
OR
Log In

Sporcle TV

Today on Sporcle TV


Watch our educational content, quiz creation guides, and fun videos on Sporcle TV.

Show Comments

Extras

Top Quizzes Today


Score Distribution

Your Account Isn't Verified!

In order to create a playlist on Sporcle, you need to verify the email address you used during registration. Go to your Sporcle Settings to finish the process.

Report this User

Report this user for behavior that violates our Community Guidelines.

Details: